000 01821nam a22003737a 4500
999 _c17365
_d17365
001 14978573
003 OSt
005 20190222154845.0
008 070824s2007 ncua b 001 0 eng
010 _a 2007035259
020 _a9780786430765 (softcover : alk. paper)
020 _a0786430761 (softcover : alk. paper)
035 _a(OCoLC)ocn168717080
035 _a(OCoLC)168717080
040 _aSEKU
042 _alcac
043 _an-usa--
050 0 0 _aPS 3537
_b.T53Z73 2007
082 0 0 _a811/.52
_222
245 0 0 _aJames Still :
_bcritical essays on the dean of Appalachian literature /
_cedited by Ted Olson and Kathy H. Olson.
260 _aJefferson, N.C. :
_bMcFarland,
_cc2007.
300 _a252 p. :
_bill.
440 0 _aContributions to southern Appalachian studies ;
_v17
504 _aIncludes bibliographical references.
520 _a"Alabama native James Still is one of the most critically acclaimed writers of Appalachian literature. This compilation of scholarly essays exploring Still's literary work is the first book-length collection of its kind and features contributions from leading scholars and writers, including Wendell Berry, Fred Chappell, Jim Wayne Miller, Jeff Daniel Marion, Diane Fisher, Dean Cadle, Hal Crowther"--Provided by publisher.
600 1 0 _aStill, James,
_d1906-2001
_xCriticism and interpretation.
650 0 _aAmerican literature
_zAppalachian Region
_xHistory and criticism.
651 0 _aAppalachian Region
_xIntellectual life.
700 1 _aOlson, Ted.
700 1 _aOlson, Kathy H.
856 4 1 _3Table of contents only
_uhttp://www.loc.gov/catdir/toc/ecip0725/2007035259.html
942 _2lcc
_cGEN